000 00821nam a2200253 i 4500
001 142469
003 ES-MaACL
007 t|
008 071005s1985 sp ||||1| spa d
020 _a84-7614-030-4
080 _a621-52
100 1 _aWaite, Mitchell.
_9115880
245 1 0 _aProgramación en C
_b: introducción y conceptos avanzados /
_cMitchell Waite, Stephen Prata, Donald Martin ; [traducción de José Manuel Otón].
260 _aMadrid :
_bAnaya,
_c[1985]
300 _a495 p. ;
_c23 cm.
490 1 _aAnaya multimedia
650 1 4 _aC (Lenguaje de programación)
_910651
700 1 _aPrata, Stephen.
_993681
700 1 _aMartin, Donald.
_977282
700 1 _aOtón, José Manuel.
_987932
830 0 _aAnaya multimedia
_9220493
852 _aES-MaACL
_jL-8955
_bR.110461
999 _c142469
_d142469